00398nam a2200133Ia 4500082002400000100002000024245003700044260003700081300001000118650002700128650003400155650003300189650004200222 a331.544095456 MEH-; aMehta, Swarnjit 0aMigration: a spatial perspective aJaipurbRawat Publicationsc1990 a223p. aMigrant labor - Punjab aMigrant agricultural laborers aMigration, Internal - Punjab aPunjab - Population - Economic aspect